| 000 | 00372 a2200145 4500 | ||
|---|---|---|---|
| 005 | 20250313144949.0 | ||
| 020 | _a0-256-08376-2 | ||
| 082 | _a336.73 ROS | ||
| 100 | _aROSEN, H. S. | ||
| 245 | _aPublic Finance | ||
| 250 | _a3rd Ed. | ||
| 260 |
_aBoston, _bIrwin, _c1992. |
||
| 300 |
_axxvi, 657p.: ill.; figure, table, _bglosary, index ,reference, _c24cm. |
||
| 942 |
_2ddc _cBKS |
||
| 999 |
_c568 _d568 |
||